000 00277nam a22001337a 4500
008 171206b xxu||||| |||| 00| 0 eng d
020 _a088487141-X
041 _aeng
080 _a621
100 _a27
101 _aIM
245 _aTURBULENCE
_cLESTER,P,F
942 _2udc
_cBK
999 _c38791
_d38791